[Event "Volgodonsk op"]
[Site "Volgodonsk"]
[Date "2007.07.27"]
[Round "9"]
[White "Kabarukhin, Andrey"]
[Black "Petrova, Olga"]
[Result "1-0"]
[WhiteElo "2258"]
[BlackElo "2072"]
[PlyCount "83"]
[EventDate "2007.07.19"]
[EventType "swiss"]
[EventRounds "9"]
[EventCountry "RUS"]
[SourceTitle "EXT 2010"]
[Source "ChessBase"]
[SourceDate "2010.11.25"]
[SourceVersion "1"]
[SourceVersionDate "2010.11.25"]
[SourceQuality "1"]

1. e4 c5 2. Nf3 Nc6 3. d4 cxd4 4. Nxd4 Qb6 5. Nb5 a6 6. Be3 Qa5+ 7. N5c3 Nf6 8. Nd2 Qc7 9. Nc4 b5 10. Nb6 Rb8 11. Nxc8 Rxc8 12. a4 b4 13. Nd5 Qe5 14. Bxa6 Ra8 15. Bb7 Rb8 16. Bxc6 dxc6 17. f4 Qd6 18. Nxf6+ Qxf6 19. e5 Qe6 20. 0-0 g6 21. Qd3 Bg7 22. Rfd1 0-0 23. Qb3 Qf5 24. a5 g5 25. fxg5 Qxe5 26. a6 Qb5 27. a7 Ra8 28. Qd3 Qxd3 29. Rxd3 Bxb2 30. Ra6 Rfc8 31. Rd7 c5 32. Rxe7 c4 33. Rb7 b3 34. cxb3 c3 35. Ra2 Kg7 36. Rxb2 cxb2 37. Bd4+ Kg6 38. Bxb2 Rd8 39. h3 Rd2 40. Ba3 Rc8 41. Rb8 Rcc2 42. a8Q 1-0

[Event "Volgodonsk op"]
[Site "Volgodonsk"]
[Date "2007.07.26"]
[Round "8"]
[White "Skiba, Anton"]
[Black "Kabarukhin, Andrey"]
[Result "1-0"]
[WhiteElo "2211"]
[BlackElo "2258"]
[PlyCount "71"]
[EventDate "2007.07.19"]
[EventType "swiss"]
[EventRounds "9"]
[EventCountry "RUS"]
[SourceTitle "EXT 2010"]
[Source "ChessBase"]
[SourceDate "2010.11.25"]
[SourceVersion "1"]
[SourceVersionDate "2010.11.25"]
[SourceQuality "1"]

1. e4 d6 2. d4 g6 3. Nc3 Bg7 4. Be3 c6 5. Qd2 b5 6. Bd3 Nd7 7. g4 Ngf6 8. f3 Nb6 9. Bh6 Bxh6 10. Qxh6 e5 11. dxe5 dxe5 12. 0-0-0 Qe7 13. h3 Be6 14. f4 0-0-0 15. fxe5 Nfd7 16. Nf3 Qc5 17. Qf4 h6 18. Rhe1 Kb7 19. Kb1 g5 20. Qe3 Qxe3 21. Rxe3 Rdg8 22. Rg1 h5 23. Ne2 hxg4 24. hxg4 Rh3 25. Ned4 Nxe5 26. Nxe5 Rxe3 27. Nexc6 a6 28. Ne7 Bxg4 29. Nxg8 Bh5 30. Kc1 Bg6 31. Ne7 Bh5 32. Nef5 Rh3 33. Rxg5 Rh1+ 34. Kd2 Rd1+ 35. Ke3 Bg6 36. Ne7 1-0

[Event "Volgodonsk op"]
[Site "Volgodonsk"]
[Date "2007.07.23"]
[Round "5"]
[White "Kabarukhin, Andrey"]
[Black "Weetik, Vjacheslav"]
[Result "1/2-1/2"]
[WhiteElo "2258"]
[BlackElo "2408"]
[PlyCount "92"]
[EventDate "2007.07.19"]
[EventType "swiss"]
[EventRounds "9"]
[EventCountry "RUS"]
[SourceTitle "EXT 2010"]
[Source "ChessBase"]
[SourceDate "2010.11.25"]
[SourceVersion "1"]
[SourceVersionDate "2010.11.25"]
[SourceQuality "1"]

1. e4 e6 2. d4 d5 3. exd5 exd5 4. Nf3 Bg4 5. Qe2+ Qe7 6. Be3 Nd7 7. Nc3 c6 8. 0-0-0 0-0-0 9. h3 Bxf3 10. Qxf3 Qf6 11. Qxf6 Ngxf6 12. a3 Bd6 13. Bd3 Rde8 14. Rhe1 h6 15. Bd2 Kc7 16. Rxe8 Rxe8 17. Re1 Rh8 18. Nd1 h5 19. Ne3 g6 20. Nd1 h4 21. c4 dxc4 22. Bxc4 Nd5 23. Nc3 N7b6 24. Bxd5 Nxd5 25. Nxd5+ cxd5 26. Kc2 Kd7 27. Kd3 Rh5 28. Re2 f6 29. Re1 Rh8 30. Re2 Rc8 31. Re1 g5 32. Rf1 Rg8 33. g4 hxg3 34. fxg3 Rh8 35. Rxf6 Rxh3 36. Bxg5 Be7 37. Rf5 Rxg3+ 38. Be3 Kc6 39. Kd2 Rg2+ 40. Kc3 Bh4 41. Bd2 Rg3+ 42. Kc2 Rg2 43. Kd3 Rg3+ 44. Kc2 Rg6 45. Kb3 Bf6 46. Bc3 Be7 1/2-1/2

[Event "Volgodonsk op"]
[Site "Volgodonsk"]
[Date "2007.07.22"]
[Round "4"]
[White "Rjabzev, Konstantin"]
[Black "Kabarukhin, Andrey"]
[Result "1/2-1/2"]
[WhiteElo "2349"]
[BlackElo "2258"]
[PlyCount "56"]
[EventDate "2007.07.19"]
[EventType "swiss"]
[EventRounds "9"]
[EventCountry "RUS"]
[SourceTitle "EXT 2010"]
[Source "ChessBase"]
[SourceDate "2010.11.25"]
[SourceVersion "1"]
[SourceVersionDate "2010.11.25"]
[SourceQuality "1"]

1. e4 e5 2. Nf3 Nc6 3. Bb5 a6 4. Ba4 Nf6 5. 0-0 Nxe4 6. d4 b5 7. Bb3 d5 8. dxe5 Be6 9. c3 Nc5 10. Bc2 Bg4 11. Re1 Ne6 12. Nbd2 Bc5 13. Nb3 Ba7 14. Qd3 Bh5 15. Nfd4 Ncxd4 16. cxd4 Bg6 17. Qc3 c5 18. Nxc5 Bxc5 19. dxc5 d4 20. Qd2 Nxc5 21. b4 Ne6 22. Bb3 0-0 23. Bb2 d3 24. Qe3 Qh4 25. a3 Rfd8 26. g3 Qe7 27. Rad1 h6 28. f4 Qa7 1/2-1/2

[Event "RUS-ch 60th zt"]
[Site "Rostov on Don"]
[Date "2007.03.??"]
[Round "2"]
[White "Kornyukov, Alexey"]
[Black "Kabarukhin, Andrey"]
[Result "1-0"]
[WhiteElo "2409"]
[BlackElo "2255"]
[PlyCount "69"]
[EventDate "2007.03.16"]
[EventType "swiss"]
[EventRounds "9"]
[EventCountry "RUS"]
[SourceTitle "EXT 2022"]
[Source "ChessBase"]
[SourceDate "2021.10.06"]
[SourceVersion "1"]
[SourceVersionDate "2021.10.06"]
[SourceQuality "1"]

1. d4 Nf6 2. Bg5 g6 3. Bxf6 exf6 4. h4 Bg7 5. h5 f5 6. e3 d6 7. Bc4 d5 8. Bd3 Qe7 9. Ne2 c6 10. c3 Be6 11. Nd2 Nd7 12. Nf4 Bh6 13. hxg6 hxg6 14. Qa4 a5 15. g3 b5 16. Qc2 a4 17. Ke2 Bg7 18. Rxh8+ Bxh8 19. Rh1 Bg7 20. g4 fxg4 21. Bxg6 0-0-0 22. Bf5 Nf6 23. Bxe6+ fxe6 24. b3 axb3 25. axb3 Kb7 26. c4 b4 27. Ra1 Ra8 28. Rxa8 Kxa8 29. cxd5 cxd5 30. Qc8+ Ka7 31. Nxe6 Bh6 32. Nd8 Qd7 33. Qc5+ Ka8 34. Nc6 g3 35. Qb6 1-0

[Event "Stepanov Memorial op"]
[Site "Sochi"]
[Date "2005.10.??"]
[Round "7"]
[White "Kabarukhin, Andrey"]
[Black "Kozlitin, Oleg"]
[Result "1/2-1/2"]
[WhiteElo "2244"]
[BlackElo "2399"]
[PlyCount "63"]
[EventDate "2005.10.13"]
[EventType "swiss"]
[EventRounds "9"]
[EventCountry "RUS"]
[SourceTitle "EXT 2007"]
[Source "ChessBase"]
[SourceDate "2006.11.23"]
[SourceVersion "1"]
[SourceVersionDate "2006.11.23"]
[SourceQuality "1"]

1. e4 c5 2. Nf3 d6 3. d4 cxd4 4. Nxd4 Nf6 5. Nc3 a6 6. Be2 e5 7. Nb3 Be7 8. 0-0 0-0 9. a4 b6 10. Be3 Bb7 11. f3 Nc6 12. Qd2 Rc8 13. Nd5 Nxd5 14. exd5 Nb8 15. c4 a5 16. Nc1 Na6 17. b3 h6 18. Nd3 Bg5 19. f4 exf4 20. Bxf4 Nc5 21. Nxc5 Bxf4 22. Qxf4 bxc5 23. Bd3 Rc7 24. Rf3 Bc8 25. Re1 Re7 26. Rxe7 Qxe7 27. Re3 Qd8 28. Qe4 f5 29. Qe7 Qxe7 30. Rxe7 Rf7 31. Re8+ Rf8 32. Re7 1/2-1/2

[Event "Stepanov Memorial op"]
[Site "Sochi"]
[Date "2005.10.??"]
[Round "4"]
[White "Zakharov, Alexander S"]
[Black "Kabarukhin, Andrey"]
[Result "1/2-1/2"]
[WhiteElo "2414"]
[BlackElo "2244"]
[PlyCount "110"]
[EventDate "2005.10.13"]
[EventType "swiss"]
[EventRounds "9"]
[EventCountry "RUS"]
[SourceTitle "EXT 2007"]
[Source "ChessBase"]
[SourceDate "2006.11.23"]
[SourceVersion "1"]
[SourceVersionDate "2006.11.23"]
[SourceQuality "1"]

1. d4 g6 2. e4 d6 3. Nc3 Nf6 4. Nf3 Bg7 5. Bc4 0-0 6. 0-0 Bg4 7. h3 Bxf3 8. Qxf3 Nc6 9. Be3 e5 10. dxe5 Nxe5 11. Qe2 Nxc4 12. Qxc4 Re8 13. Rad1 Nd7 14. Bd4 Nb6 15. Qd3 Qe7 16. f4 Rad8 17. Bxg7 Kxg7 18. a4 a5 19. Qb5 Ra8 20. Rf3 Qe6 21. f5 Qe5 22. Rdf1 Qxb5 23. Nxb5 Rxe4 24. fxg6 fxg6 25. Rf7+ Kh6 26. Rxc7 Rc8 27. Rff7 Rxc7 28. Rxc7 Nxa4 29. b3 Nb2 30. Nxd6 Rd4 31. Nf7+ Kg7 32. Rxb7 a4 33. bxa4 Nxa4 34. Ne5+ Kf6 35. Ng4+ Ke6 36. Rxh7 Nc5 37. Rg7 Kf5 38. Rf7+ Kg5 39. Ne5 Re4 40. Nf3+ Kh6 41. g4 Ne6 42. Kg2 Rc4 43. Kg3 Rxc2 44. h4 Ng7 45. Rf8 Ne6 46. Rf6 Nc5 47. Rf7 Ne4+ 48. Kf4 Rc4 49. Ke3 g5 50. Re7 Nc3 51. hxg5+ Kg6 52. Re6+ Kf7 53. Rf6+ Kg7 54. Kd3 Rxg4 55. Kxc3 Rxg5 1/2-1/2

[Event "RUS South Region-ch op"]
[Site "Belorechensk"]
[Date "2005.06.??"]
[Round "?"]
[White "Chunihin, Sergey"]
[Black "Kabarukhin, Andrey"]
[Result "0-1"]
[WhiteElo "2111"]
[BlackElo "2244"]
[PlyCount "48"]
[EventDate "2005.06.??"]
[EventType "swiss"]
[EventRounds "9"]
[EventCountry "RUS"]
[SourceTitle "EXT 2007"]
[Source "ChessBase"]
[SourceDate "2006.11.23"]
[SourceVersion "1"]
[SourceVersionDate "2006.11.23"]
[SourceQuality "1"]

1. d4 g6 2. f4 Nf6 3. Nf3 Bg7 4. e3 0-0 5. Bd3 d6 6. e4 Na6 7. c3 c5 8. d5 Bg4 9. h3 Bxf3 10. Qxf3 Nc7 11. 0-0 e6 12. dxe6 fxe6 13. g4 d5 14. Nd2 Nd7 15. Qg2 g5 16. fxg5 Ne5 17. Bc2 Qxg5 18. Nf3 Nxf3+ 19. Rxf3 Qe5 20. Bd2 Rxf3 21. Qxf3 Rf8 22. Qg2 d4 23. Rf1 c4 24. Rxf8+ Bxf8 0-1

[Event "RUS South Region-ch op"]
[Site "Belorechensk"]
[Date "2005.06.??"]
[Round "?"]
[White "Kabarukhin, Andrey"]
[Black "Fomichenko, Eduard"]
[Result "1/2-1/2"]
[WhiteElo "2244"]
[BlackElo "2342"]
[PlyCount "78"]
[EventDate "2005.06.??"]
[EventType "swiss"]
[EventRounds "9"]
[EventCountry "RUS"]
[SourceTitle "EXT 2007"]
[Source "ChessBase"]
[SourceDate "2006.11.23"]
[SourceVersion "1"]
[SourceVersionDate "2006.11.23"]
[SourceQuality "1"]

1. e4 c5 2. Nf3 Nc6 3. d4 cxd4 4. Nxd4 Qb6 5. Nb5 Nf6 6. Be3 Qd8 7. Nd2 g6 8. Be2 Bg7 9. 0-0 0-0 10. c4 d6 11. f4 Nd7 12. Nc3 b6 13. Bf3 Bb7 14. Nb3 Rc8 15. Rc1 Nc5 16. Nxc5 bxc5 17. Qe1 Nd4 18. Ne2 Nxf3+ 19. gxf3 f5 20. Ng3 e6 21. Rd1 Qc7 22. Qf2 Rcd8 23. Rd2 Rf7 24. Rfd1 Rfd7 25. b3 Bc6 26. Kg2 h5 27. exf5 exf5 28. Ne2 Re8 29. Ng1 Rde7 30. Rd3 Re6 31. Qd2 Bf8 32. Bf2 Qe7 33. a3 a6 34. b4 Qb7 35. Rb1 Rc8 36. Re1 Rxe1 37. Qxe1 Qf7 38. Rc3 Bd7 39. bxc5 dxc5 1/2-1/2

[Event "RUS-ch U14"]
[Site "Dagomys"]
[Date "2004.04.??"]
[Round "10"]
[White "Kulakov, Viacheslav"]
[Black "Kabarukhin, Andrey"]
[Result "1-0"]
[WhiteElo "2184"]
[BlackElo "2173"]
[PlyCount "61"]
[EventDate "2004.04.??"]
[EventType "swiss"]
[EventRounds "10"]
[EventCountry "RUS"]
[SourceTitle "EXT 2005"]
[Source "ChessBase"]
[SourceDate "2004.11.15"]
[SourceVersion "1"]
[SourceVersionDate "2004.11.15"]
[SourceQuality "1"]

1. d4 g6 2. c4 Bg7 3. Nc3 Nf6 4. e4 0-0 5. Nf3 d6 6. Be2 e5 7. d5 Nbd7 8. Bg5 h6 9. Bh4 a5 10. Nd2 Nc5 11. a3 a4 12. b4 axb3 13. Nxb3 Nxb3 14. Qxb3 b6 15. 0-0 Bd7 16. a4 Ra5 17. Ra2 Qc8 18. Rfa1 Nh7 19. f3 f5 20. Be1 Nf6 21. Nb5 Ra8 22. Qc2 fxe4 23. fxe4 Qb7 24. a5 bxa5 25. Bxa5 Bxb5 26. cxb5 Qa7+ 27. b6 cxb6 28. Bb4 Qb7 29. Bxd6 Rxa2 30. Rxa2 Rc8 31. Qb1 1-0